Born in Bamako - Statistics

General Stats
  • This quiz has been taken 6 times
  • The average score is 12 of 19
Answer Stats
Hint Answer % Correct
French-Malian singer, "Djadja" "Brisé" 1995 Aya Nakamura
80%
First President of Mali from 1960 to 1968 1915 Modibo Keita
80%
Interim prime minister of Mali since August 2022 1981 Abdoulaye Maiga
60%
Footballer who plays for Frankfurt and the national team of Mali 1996 Almamy Touré
60%
Guitarist and vocalist of the musical duo "Amadou & Mariam", known as "the blind couple from Mali" 1954 Amadou Bagayoko
60%
Footballer who plays for Leipzig and the national team of Mali 1998 Amadou Haidara
60%
Interim president of Mali since 2021 after the coup d'état 1983 Assimi Goita
60%
Footballer who plays for Crystal Palace and the national team of Mali 2000 Cheick Doucouré
60%
Footballer who plays for Olympiacos (on loan from Hoffenheim) and the national team of Mali 1996 Diadie Samassékou
60%
Footballer who plays for Rennes and the national team of Mali 1992 Hamari Traoré
60%
Former footballer who played for Bordeaux, Lyon, Marseille and the French national team 1955 Jean Tigana
60%
Footballer who played for Real Madrid, Lyon, Fulham and the national team of Mali 1981 Mahamadou Diarra
60%
Vocalist of the musical duo "Amadou & Mariam" 1958 Mariam Doumbia
60%
Prime Minister of Mali from 2007 to 2011 1952 Modibo Sidibé
60%
Footballer who plays for Monaco and the national team of Mali 2000 Mohamed Camara
60%
Prime Minister of Mali from 2014 to 2015 1975 Moussa Mara
60%
Former footballer who played for Barcelona, Roma, Lens and is the most capped player and top scorer of the national team of Mali 1980 Seydou Keita
60%
Former footballer who played for Freiburg, Mönchengladbach and the national team of Mali 1978 Soumaila Coulibaly
60%
Prime Minister from 2019 until his resignation following the 2020 coup d'état 1974 Boubou Cissé
40%
No matching quizzes found
Score Distribution
Percent of People with Each Score
Percentile by Number Answered
Your Score History
You have not taken this quiz